Statistics for Only The Poets - Dead Young (all lyrics)

Click here to take the quiz!

General Stats

  • This quiz has been taken 9 times
  • The average score is 232 of 303

Answer Stats

Answer% Correct
a
100%
all
100%
and
100%
But
100%
Dead
100%
dead
100%
do
100%
I
100%
know
100%
love
100%
of
100%
on
100%
the
100%
To
100%
to
100%
want
100%
was
100%
we
100%
we're
100%
We're
100%
were
100%
what
100%
you
100%
young
100%
your
100%
you're
100%
alright
67%
back
67%
baked
67%
called
67%
Can't
67%
can't
67%
cats
67%
clocks
67%
Couple
67%
creeping
67%
Creeping
67%
deep
67%
deeper
67%
done
67%
drunk
67%
dumb
67%
feeling
67%
girl
67%
gone
67%
good
67%
Hey
67%
history
67%
how
67%
I'm
67%
in
67%
is
67%
it's
67%
laps
67%
late
67%
listen
67%
Listen
67%
meaning
67%
no
67%
Now
67%
Our
67%
pity
67%
pretty
67%
reset
67%
Reset
67%
should
67%
since
67%
So
67%
stop
67%
sun
67%
Take
67%
talking
67%
tell
67%
they
67%
'till
67%
time
67%
too
67%
turn
67%
up
67%
way
67%
with
67%
Without
67%
Yeah
67%
bleeding
33%
calling
33%
come
33%
comes
33%
Cooking
33%
down
33%
dust
33%
far
33%
feelings
33%
hold
33%
kicking
33%
Life
33%
lust
33%
Memories
33%
never
33%
night
33%
picked
33%
pouring
33%
Pouring
33%
rum
33%
stacked
33%
streets
33%
sunset
33%
track
33%
wait
33%

Score Distribution

Percentile by Number Answered

Percent of People with Each Score

Your Score History

You have not taken this quiz